000
00318nam a22001457a 4500
008
210304b ||||| |||| 00| 0 eng d
020
_a
9780155037243
041
_a
eng
080
_2
6th
_a
070
082
_a
070
100
_a
39
101
_a
MED
245
_a
Rporting for the Media
_c
Bender, J.R
942
_2
udc
_c
BK
999
_c
55745
_d
55745